The investment surveyor: a strategy for the future conference at Cafe Royal, 21 April 1988 (Record no. 92229)
[ view plain ]
| 000 -LEADER | |
|---|---|
| fixed length control field | 00916cam a2200229 4500 |
| 001 - CONTROL NUMBER | |
| control field | B2067 |
| 008 - FIXED-LENGTH DATA ELEMENTS--GENERAL INFORMATION | |
| fixed length control field | 090401t1988 xxu||||| |||| 00| 0 eng d |
| 035 ## - SYSTEM CONTROL NUMBER | |
| System control number | (Sirsi) u47868 |
| 041 ## - LANGUAGE CODE | |
| Language code of text/sound track or separate title | eng |
| 050 ## - LIBRARY OF CONGRESS CALL NUMBER | |
| Classification number | 332.6324 |
| 090 ## - LOCALLY ASSIGNED LC-TYPE CALL NUMBER (OCLC); LOCAL CALL NUMBER (RLIN) | |
| Classification number (OCLC) (R) ; Classification number, CALL (RLIN) (NR) | RICS 1988/19 ABC |
| 110 ## - MAIN ENTRY--CORPORATE NAME | |
| Corporate name or jurisdiction name as entry element | Institution and College Conferences |
| 9 (RLIN) | 2330 |
| 245 #4 - TITLE STATEMENT | |
| Title | The investment surveyor: a strategy for the future conference at Cafe Royal, 21 April 1988 |
| 260 ## - PUBLICATION, DISTRIBUTION, ETC. | |
| Date of publication, distribution, etc. | 1988 |
| 300 ## - PHYSICAL DESCRIPTION | |
| Extent | 3 papers |
| 350 ## - PRICE (NR) (BK AM CF MU VM SE) [OBSOLETE] | |
| Price | 4.5 |
| 520 ## - SUMMARY, ETC. | |
| Summary, etc. | Papers by: Benson,Christopher , Newmarch,Mick and Nightingale,Roger . Conference sponsored by the RICS investment and financial services committee in conjunction with the Investment Surveyors Forum. Includes programme, biographical notes on speakers, list of participants, and synopsis of paper by Hilton,Anthony |
| 650 ## - SUBJECT ADDED ENTRY--TOPICAL TERM | |
| Topical term or geographic name entry element | ABOUT RICS-RICS MEMBERS |
| 650 ## - SUBJECT ADDED ENTRY--TOPICAL TERM | |
| Topical term or geographic name entry element | PROPERTY INVESTMENT |
| 942 ## - ADDED ENTRY ELEMENTS (KOHA) | |
| Suppress in OPAC | 0 |
| 948 ## - LOCAL PROCESSING INFORMATION (OCLC); SERIES PART DESIGNATOR (RLIN) | |
| c (OCLC) | 04/03/1997 |
| Withdrawn status | Lost status | Source of classification or shelving scheme | Damaged status | Not for loan | Home library | Current library | Shelving location | Date acquired | Cost, normal purchase price | Total Checkouts | Full call number | Barcode | Date last seen | Copy number | Cost, replacement price | Price effective from | Koha item type |
|---|---|---|---|---|---|---|---|---|---|---|---|---|---|---|---|---|---|
| Dewey Decimal Classification | London | London | RICS Boxes | 13/08/1991 | 4.50 | RICS 1988/19 | 30020963 | 06/08/2019 | 1 | 4.50 | 06/08/2019 | Reference material | |||||
| Dewey Decimal Classification | London | London | RICS Boxes | 13/08/1991 | 4.50 | RICS 1988/19 | 30020967 | 06/08/2019 | 2 | 4.50 | 06/08/2019 | Reference material | |||||
| Dewey Decimal Classification | London | London | RICS Boxes | 13/08/1991 | 4.50 | RICS 1988/19 | 30020974 | 06/08/2019 | 3 | 4.50 | 06/08/2019 | Reference material | |||||
| Dewey Decimal Classification | London | London | RICS Boxes | 13/08/1991 | 4.50 | RICS 1988/19 | 30020978 | 06/08/2019 | 4 | 4.50 | 06/08/2019 | Reference material | |||||
| Dewey Decimal Classification | London | London | RICS Boxes | 13/08/1991 | 4.50 | RICS 1988/19 | 30020979 | 06/08/2019 | 5 | 4.50 | 06/08/2019 | Reference material | |||||
| Dewey Decimal Classification | London | London | RICS Boxes | 13/08/1991 | 4.50 | RICS 1988/19 | 30020982 | 06/08/2019 | 6 | 4.50 | 06/08/2019 | Reference material | |||||
| Dewey Decimal Classification | London | London | RICS Boxes | 13/08/1991 | 4.50 | RICS 1988/19 | 30020986 | 06/08/2019 | 7 | 4.50 | 06/08/2019 | Reference material | |||||
| Dewey Decimal Classification | London | London | RICS Boxes | 13/08/1991 | 4.50 | RICS 1988/19 | 30020987 | 06/08/2019 | 8 | 4.50 | 06/08/2019 | Book | |||||
| Dewey Decimal Classification | London | London | RICS Boxes | 09/01/1992 | 4.50 | RICS 1988/19 | 30025106 | 06/08/2019 | 9 | 4.50 | 06/08/2019 | Archive |